[Event "Warsaw YMCA Winter-B 270th"]
[Site "Warsaw"]
[Date "2023.03.08"]
[Round "11"]
[White "Pasternak Winiarski, Adam"]
[Black "Mlynarski, Zbigniew"]
[Result "1-0"]
[WhiteElo "1579"]
[BlackElo "1586"]
[PlyCount "51"]
[EventDate "2023.01.12"]
[EventType "tourn"]
[EventRounds "11"]
[EventCountry "POL"]
[SourceTitle "CBM 213 Extra"]
[Source "ChessBase"]
[SourceDate "2023.05.31"]
[SourceVersion "1"]
[SourceVersionDate "2023.05.31"]
[SourceQuality "1"]

1. c4 e5 2. g3 Nf6 3. Bg2 c6 4. e3 d6 5. Ne2 Be6 6. d3 Na6 7. 0-0 Be7 8. a3 0-0 9. b4 d5 10. Nd2 Nc7 11. Bb2 Nd7 12. Qc2 Rc8 13. Rfb1 Bg4 14. Nf3 Bf6 15. a4 dxc4 16. dxc4 Qe7 17. Nc3 Rfe8 18. Ne4 Bxf3 19. Bxf3 Qe6 20. Qe2 Nb6 21. c5 Nd7 22. Bg4 Qe7 23. Nd6 Nd5 24. Nxc8 Rxc8 25. e4 Nxb4 26. Qd2 1-0

[Event "Warsaw YMCA Autumn-B 237th"]
[Site "Warsaw"]
[Date "2020.12.04"]
[Round "10"]
[White "Mlynarski, Zbigniew"]
[Black "Jaroszuk, Marcin"]
[Result "1-0"]
[WhiteElo "1548"]
[BlackElo "1572"]
[PlyCount "63"]
[EventDate "2020.09.24"]
[EventType "swiss"]
[EventRounds "12"]
[EventCountry "POL"]
[SourceTitle "EXT 2022"]
[Source "ChessBase"]
[SourceDate "2021.10.06"]
[SourceVersion "1"]
[SourceVersionDate "2021.10.06"]
[SourceQuality "1"]

1. e4 e5 2. Nf3 Nc6 3. d4 exd4 4. Nxd4 Bc5 5. Be3 Qf6 6. c3 Nge7 7. Be2 d5 8. Bf3 Ne5 9. exd5 Nxf3+ 10. Nxf3 Bxe3 11. fxe3 Qb6 12. Qd2 0-0 13. 0-0 Re8 14. Kh1 Nf5 15. e4 Rxe4 16. Ng5 Rh4 17. Qe1 Qe3 18. Qxe3 Nxe3 19. Re1 f6 20. Rxe3 fxg5 21. Nd2 Rf4 22. Re7 Rf2 23. Rf1 Rxf1+ 24. Nxf1 Bf5 25. Rxc7 Re8 26. Kg1 Bd3 27. Ng3 Ba6 28. d6 Rd8 29. Nf5 g6 30. Nh6+ Kf8 31. Nf7 Rb8 32. d7 1-0

[Event "Warsaw YMCA Autumn-C 222nd"]
[Site "Warsaw"]
[Date "2019.11.22"]
[Round "10"]
[White "Mlynarski, Zbigniew"]
[Black "Szumigaj, Marcin"]
[Result "1-0"]
[WhiteElo "1571"]
[BlackElo "1433"]
[PlyCount "76"]
[EventDate "2019.09.19"]
[EventType "tourn"]
[EventRounds "13"]
[EventCountry "POL"]
[SourceTitle "CBM 195 Extra"]
[Source "ChessBase"]
[SourceDate "2020.05.31"]
[SourceVersion "1"]
[SourceVersionDate "2020.05.31"]
[SourceQuality "1"]

1. d4 d5 2. c4 c6 3. Nf3 Nf6 4. Nc3 e6 5. cxd5 exd5 6. Bg5 Nbd7 7. e3 Be7 8. Bd3 0-0 9. 0-0 h6 10. Bh4 Ne4 11. Bxe7 Qxe7 12. Bxe4 dxe4 13. Nd2 Nf6 14. Qc2 Bf5 15. Nc4 Rad8 16. Ne5 Bh7 17. Qa4 a6 18. Qc2 c5 19. Qa4 cxd4 20. exd4 Qd6 21. Rad1 Nd5 22. Rfe1 f6 23. Nc4 Qf4 24. Qb3 Kh8 25. Nxd5 Rxd5 26. Qxb7 Rf5 27. Re2 Rh5 28. g3 Qg4 29. Rde1 Qh3 30. f3 e3 31. Nxe3 Re8 32. Nf5 Bxf5 33. Rxe8+ Kh7 34. R8e2 Bd3 35. Rf2 Rg5 36. f4 Rg4 37. Qf3 Bb5 38. d5 h5 1-0

[Event "Warsaw YMCA Winter-B 210th"]
[Site "Warsaw"]
[Date "2019.01.10"]
[Round "1"]
[White "Mlynarski, Zbigniew"]
[Black "Sieczkowski, Adam"]
[Result "1-0"]
[WhiteElo "1653"]
[BlackElo "1638"]
[PlyCount "91"]
[EventDate "2019.01.09"]
[EventType "swiss"]
[EventRounds "13"]
[EventCountry "POL"]
[SourceTitle "CBM 189 Extra"]
[Source "ChessBase"]
[SourceDate "2019.06.03"]
[SourceVersion "1"]
[SourceVersionDate "2019.06.03"]
[SourceQuality "1"]

1. d4 Nf6 2. Nf3 d5 3. c4 e6 4. Nc3 Be7 5. Bg5 Nbd7 6. e3 0-0 7. Bd3 c6 8. 0-0 Re8 9. Qc2 h6 10. Bh4 dxc4 11. Bxc4 Nd5 12. Bxe7 Qxe7 13. Ne2 N5b6 14. Bb3 e5 15. Rfd1 e4 16. Nd2 Nf6 17. Ng3 h5 18. Nc4 Bg4 19. Re1 Nxc4 20. Bxc4 h4 21. Ne2 Rac8 22. Rac1 Qd7 23. h3 Bxh3 24. gxh3 Qxh3 25. Nf4 Qg4+ 26. Kh2 g5 27. Rg1 Qf5 28. Qe2 Kf8 29. Nh5 Nh7 30. Rcf1 c5 31. f4 cxd4 32. exd4 g4 33. Rxg4 Rxc4 34. Ng7 Qc8 35. Rf2 Nf6 36. Rg5 Rd8 37. Nh5 Qe6 38. Nxf6 e3 39. Nh7+ Ke7 40. Re5 Qxe5 41. fxe5 exf2 42. Qxc4 Rxd4 43. Qxd4 f1Q 44. Qd6+ Ke8 45. Nf6+ Qxf6 46. exf6 1-0

[Event "Warsaw YMCA Autumn-B 206th"]
[Site "Warsaw"]
[Date "2018.11.06"]
[Round "6"]
[White "Szukalski, Antoni"]
[Black "Mlynarski, Zbigniew"]
[Result "1/2-1/2"]
[WhiteElo "1759"]
[BlackElo "1674"]
[PlyCount "40"]
[EventDate "2018.09.20"]
[EventType "tourn"]
[EventRounds "11"]
[EventCountry "POL"]
[SourceTitle "EXT 2021"]
[Source "ChessBase"]
[SourceDate "2020.10.23"]
[SourceVersion "1"]
[SourceVersionDate "2020.10.23"]
[SourceQuality "1"]

1. d4 Nf6 2. c4 g6 3. Nf3 Bg7 4. Nc3 d6 5. e4 0-0 6. Be2 e5 7. dxe5 dxe5 8. Qxd8 Rxd8 9. Bg5 Re8 10. Nd5 Nxd5 11. cxd5 h6 12. Be3 f5 13. Nd2 f4 14. Bc5 b6 15. Bb4 a5 16. Bc3 Ba6 17. Bg4 Bc8 18. Be2 Ba6 19. Bg4 Bc8 20. Be2 Ba6 1/2-1/2

[Event "Warsaw YMCA Summer-A 202nd"]
[Site "Warsaw"]
[Date "2018.07.27"]
[Round "6"]
[White "Mlynarski, Zbigniew"]
[Black "Safanowski, Tomasz"]
[Result "1-0"]
[WhiteElo "1653"]
[BlackElo "1802"]
[PlyCount "73"]
[EventDate "2018.07.04"]
[EventType "tourn"]
[EventRounds "10"]
[EventCountry "POL"]
[SourceTitle "EXT 2021"]
[Source "ChessBase"]
[SourceDate "2020.10.23"]
[SourceVersion "1"]
[SourceVersionDate "2020.10.23"]
[SourceQuality "1"]

1. e4 d6 2. d4 Nf6 3. Nc3 Nbd7 4. f4 e5 5. Nf3 c6 6. dxe5 dxe5 7. fxe5 Ng4 8. e6 fxe6 9. h3 Nge5 10. Nxe5 Nxe5 11. Qh5+ Ng6 12. Bg5 Qa5 13. Be2 Be7 14. Bxe7 Qxh5 15. Bxh5 Kxe7 16. Bxg6 hxg6 17. 0-0 e5 18. Rad1 Be6 19. Rf3 g5 20. Rg3 g4 21. hxg4 g5 22. Rdd3 Rh4 23. Nd1 Rxg4 24. Rxg4 Bxg4 25. Ne3 Be6 26. g4 Rh8 27. Kg2 Rh4 28. Kg3 Rh1 29. Nf5+ Bxf5 30. exf5 Rg1+ 31. Kf3 e4+ 32. Kxe4 Rxg4+ 33. Ke5 Rg2 34. f6+ Ke8 35. Ke6 Re2+ 36. Kf5 Rxc2 37. Kg6 1-0

[Event "Warsaw YMCA Spring-B 199th"]
[Site "Warsaw"]
[Date "2018.06.05"]
[Round "10"]
[White "Szukalski, Antoni"]
[Black "Mlynarski, Zbigniew"]
[Result "1/2-1/2"]
[WhiteElo "1750"]
[BlackElo "1618"]
[PlyCount "81"]
[EventDate "2018.04.06"]
[EventType "tourn"]
[EventRounds "13"]
[EventCountry "POL"]
[SourceTitle "EXT 2021"]
[Source "ChessBase"]
[SourceDate "2020.10.23"]
[SourceVersion "1"]
[SourceVersionDate "2020.10.23"]
[SourceQuality "1"]

1. d4 Nf6 2. c4 d6 3. Nc3 g6 4. e4 Bg7 5. Nf3 0-0 6. Be2 e5 7. dxe5 dxe5 8. Qxd8 Rxd8 9. Bg5 Re8 10. Bxf6 Bxf6 11. Nd5 Bd8 12. 0-0-0 c6 13. Ne3 Nd7 14. h4 Nc5 15. Nd2 Ba5 16. f3 Be6 17. Nb3 Nxb3+ 18. axb3 Bb6 19. Nc2 Rad8 20. Rxd8 Rxd8 21. Rd1 Rxd1+ 22. Kxd1 Bf2 23. h5 gxh5 24. Nb4 Bd4 25. Nd3 Kg7 26. f4 exf4 27. Nxf4 Bxb2 28. Nxe6+ fxe6 29. Bxh5 Kf6 30. Ke2 Ke5 31. Kd3 c5 32. Bg4 Bd4 33. Ke2 a6 34. Kd3 b5 35. cxb5 axb5 36. Kc2 Kxe4 37. Bxe6 h5 38. Bd7 b4 39. Bc6+ Ke3 40. Bd5 h4 41. Bc6 1/2-1/2